000 00680nam a2200265Ia 4500
005 20260121165304.0
008 008 260114s9999 xx 000 0 eng d
020 _a9783319415130
037 _aEBOOK
040 _aCRL
040 _beng
040 _cCRL
041 _2eng
041 _aeng
084 _qCRL
100 _aDiana Auth, Jutta Hergenhan, Barbara Holland-Cunz
_91049857
245 0 _aGender and Family in European Economic Policy
260 _bSpringer
260 _bSpringer
260 _c2017
856 _uhttps://link.springer.com/openurl?genre=book&isbn=978-3-319-41513-0
942 _cEBOOK
999 _c1615582
_d1615582